Το θεώρημα Perron-Frobenius : πτυχιακή εργασία
Η εργασία είναι χωρισμένη σε τρία κεφάλαια .Το πρώτο πραγματεύεται κάποιες βασικές έννοιες κυρίως της γραμμικής άλγεβρας, το δεύτερο είιναι και το βασικό της εργασίας , διατυπώνεται και αποδεικνύεται το θεώρημα για τρεις κατηγορίες πινάκων κατά αύξουσα γενίκευση θετικούς πρωταρχικούς και αδιαχώριστο...
Αποθηκεύτηκε σε:
| Κύριος συγγραφέας: | |
|---|---|
| Συγγραφή απο Οργανισμό/Αρχή: | |
| Μορφή: | Thesis Βιβλίο |
| Γλώσσα: | Greek |
| Δημοσίευση: |
2014.
|
| Θέματα: | |
| Διαθέσιμο Online: | http://hdl.handle.net/11610/7947 |
| Ετικέτες: |
Προσθήκη ετικέτας
Δεν υπάρχουν, Καταχωρήστε ετικέτα πρώτοι!
|
MARC
| LEADER | 00000cam a2200000 i 4500 | ||
|---|---|---|---|
| 001 | 1/56173 | ||
| 008 | 140916s2014 gr ||| gre|| | ||
| 035 | |l 10119136 | ||
| 040 | |a GR-MY-UA |b gre |e aacr | ||
| 041 | 0 | |a gre | |
| 082 | 0 | |a 512.5 |2 (22) | |
| 100 | 1 | |a Μουτσανά, Αικατερίνη. | |
| 245 | 1 | 3 | |a Το θεώρημα Perron-Frobenius : |b πτυχιακή εργασία / |c Αικατερίνη Μουτσανά ; επιβλέπων καθηγητής Ευστράτιος Πρασίδης. |
| 260 | |c 2014. | ||
| 300 | |a 27 σ. ; |c 30 εκ. | ||
| 500 | |a Μέλη της εξεταστικής επιτροπής: Ευστράτιος Πρασίδης, Βασίλειος Μεταφτσής, Ευάγγελος Φελουζής. | ||
| 502 | # | # | |a Πτυχιακή εργασία – Πανεπιστήμιο Αιγαίου, Σάμος, 2014. |
| 504 | |a Βιβλιογραφία: σ. [28]. | ||
| 506 | 1 | |a Διάθεση πλήρους κειμένου ; |c Ενδοπανεπιστημιακή δημοσίευση. | |
| 520 | |a Η εργασία είναι χωρισμένη σε τρία κεφάλαια .Το πρώτο πραγματεύεται κάποιες βασικές έννοιες κυρίως της γραμμικής άλγεβρας, το δεύτερο είιναι και το βασικό της εργασίας , διατυπώνεται και αποδεικνύεται το θεώρημα για τρεις κατηγορίες πινάκων κατά αύξουσα γενίκευση θετικούς πρωταρχικούς και αδιαχώριστους. Στο τρίτο κεφάλαιο πραγματεύεται πιο αναλυτικά δυο εφαρμογές του θεωρήματος. | ||
| 540 | |a Κλειδωμένη η δυνατότητα αντιγραφής (copy) του κειμένου. | ||
| 610 | 2 | 0 | |a University of the Aegean |x Dissertations. |
| 650 | 0 | 0 | |a Algebras, Linear |x Tables. |
| 650 | 0 | 0 | |a Matrices. |
| 650 | 0 | 0 | |a Dissertations, Academic |z Greece. |
| 700 | 1 | |a Πρασίδης, Ευστράτιος, |e dgs | |
| 710 | 2 | |a Πανεπιστήμιο Αιγαίου. |b Σχολή Θετικών Επιστημών. |b Τμήμα Μαθηματικών. | |
| 852 | |a INST |b SAMOS |c DIATR |e 20140916 |h 512.5 ΜΟΥ |p 005300037019 |q 005300037019 |t DIE |y 23 | ||
| 852 | |a INST |b SAMOS |c DIATR |e 20140916 |h 512.5 ΜΟΥ |p 005300037020 |q 005300037020 |t DIE |y 23 | ||
| 856 | |u http://hdl.handle.net/11610/7947 | ||
| 901 | |a BIBL3-2014-3 | ||
| 909 | |a Σ |b 185203 | ||
| 909 | |a Σ |b 185204 | ||
| 924 | |a ΜΟΥΤΣΑΝΑ |b ΑΙΚΑΤΕΡΙΝΗ |y ΣΑΜΟΣ |z 2014-09 | ||
| 970 | |a ΚΟΣΙΕΡΗΣ |b ΧΡΗΣΤΟΣ |z 2014/09/16 | ||